000 00321nam a2200133Ia 4500
008 230817s2022 xx 000 0 und d
041 _aeng
082 _a3462/BHA
100 _aIndu Bhan
245 _aLegal Eagles
250 _a2015 Ed
260 _aNew Delhi
_bPenguin Books India Pvt Ltd
_c2022
300 _a1-223pppp
999 _c850532
_d850532